Online Catalogue and eLibrary

Feminisms and Critical Pedagogy (Record no. 1649)

MARC details
000 -LEADER
fixed length control field 00469nam a2200193Ia 4500
005 - DATE AND TIME OF LATEST TRANSACTION
control field 20250123025438.0
008 - FIXED-LENGTH DATA ELEMENTS--GENERAL INFORMATION
fixed length control field 240331s9999 xx 000 0 und d
020 ## - INTERNATIONAL STANDARD BOOK NUMBER
ISBN 0415905338
082 ## - DDC Classification
Item Number - Author Mark LUK
DDC Edition Number 3803
Class No. 305.4
245 #0 - TITLE STATEMENT
Title Feminisms and Critical Pedagogy
260 ## - PUBLICATION, DISTRIBUTION, ETC.
Place of publication, distribution, etc. New York
-- London
Name of publisher, distributor, etc. Routledge
Date of publication, distribution, etc. 1992
300 ## - PHYSICAL DESCRIPTION
Extent (e.g. Volumes, Pages etc.) xi, 220 p.,
650 ## - SUBJECT ADDED ENTRY--TOPICAL TERM
Topical term or geographic name entry element Feminism
650 ## - SUBJECT ADDED ENTRY--TOPICAL TERM
Topical term or geographic name entry element Women
650 ## - SUBJECT ADDED ENTRY--TOPICAL TERM
Topical term or geographic name entry element Politics
700 ## - ADDED ENTRY--PERSONAL NAME
Personal name Luke, C
Relator term (Role) Editor
700 ## - ADDED ENTRY--PERSONAL NAME
Personal name Gore, J
Relator term (Role) Editor
942 ## - Koha item type (Biblio)
Koha item type Books in Stacks (Lending)
Holdings
Lost status Damaged status Collection code Home library Current library Shelving location Date acquired Full call number Accession Number Item type
    Lending WERC Library WERC Library Social Science Cupboard 03/31/2024 305.4 FEM 3803 Books in Stacks (Lending)

© WERC Library